Tourism : how effective management makes the difference
Αποθηκεύτηκε σε:
| Κύριος συγγραφέας: | |
|---|---|
| Μορφή: | Βιβλίο |
| Γλώσσα: | English |
| Δημοσίευση: |
Oxford, Boston :
Butterworth Heinemann,
1997
|
| Θέματα: | |
| Ετικέτες: |
Προσθήκη ετικέτας
Δεν υπάρχουν, Καταχωρήστε ετικέτα πρώτοι!
|
MARC
| LEADER | 00000nam a2200000 i 4500 | ||
|---|---|---|---|
| 001 | 1/45169 | ||
| 008 | 971201s1997 eng d | ||
| 020 | |a 0-7506-2272-5 | ||
| 035 | |l 10026099 | ||
| 040 | |a GR-MY-UA |b gre |e aacr | ||
| 041 | 0 | |a eng | |
| 082 | 0 | |a 338.4791068 | |
| 100 | 1 | |a Doswell, Roger. | |
| 245 | 1 | 0 | |a Tourism : |b how effective management makes the difference / |c Roger Doswell |
| 260 | |a Oxford, Boston : |b Butterworth Heinemann, |c 1997 | ||
| 300 | |a x, 319 p. | ||
| 504 | |a Includes bibliography and index | ||
| 650 | 0 | 0 | |a Tourism |x Management. |
| 852 | |a INST |b CHIOS |e 19971201 |h 338.4791068 DOS |p 005200029534 |q 005200029534 |t BK |y 0 | ||
| 852 | |a INST |b LESVOS |e 20080922 |h 338.4791068 DOS |p 005100044402 |q 005100044402 |t BK |y 0 | ||
| 901 | |a BIBL-1997-3 | ||
| 901 | |a BIBL1-2008-3 | ||
| 901 | |a BIBL2-2009-3 | ||
| 909 | |a Χ |b 148121 | ||
| 909 | |a Λ |b 151448 | ||
| 922 | |a 2ΕΛΗ |b 199711 |c ΑΛΕΞΑΚΗΣ |d ΠΑΠΑΣΩΤΗΡΙΟΥ | ||
| 922 | |a 1ΕΛΗ |b 200803 |c ΕΠΕΑΕΚ2/ΠΤΕ |d ΠΑΠΑΣΩΤΗΡΙΟΥ | ||